000 00677cam a2200205 a 4500
001 000014955
005 20200929163929.0
008 840402s1944 sp b 000 0bspa
040 _aDO-SdBNP
_bspa
_cLC
_dBNPHU
050 0 0 _aDP164
_b.D6
082 _ann*
_bD741p
100 1 _aDoussinague, José María.
_933846
245 1 3 _aLa política internacional de Fernando el católico /
_cJosé M. Doussinague.
260 _aMadrid :
_bEspasa-Calpe,
_c1944.
300 _a681 p. :
_bmaps. ;
_c23 cm.
600 0 0 _aFerdinand
_bV,
_cKing of Spain,
_d1452-1516.
_933847
651 0 _aSpain
_xForeign Relations
_y1479-1516.
_933848
910 _aCatalogación por copia / LC
049 _aBNGR
999 _c14531
_d14531